Football teams starting with C - Statistics

General Stats
  • This quiz has been taken 43 times
  • The average score is 11 of 20
Answer Stats
Picture Answer % Correct
Celtic
98%
Chelsea
93%
Crystal Palace
83%
Celta Vigo
71%
FC Cologne
68%
Cardiff City
66%
Copenhagen
63%
Charlton Athletic
59%
Como
59%
Cagliari
51%
Cádiz
46%
Corinthians
46%
CSKA Moscow
46%
Club América
44%
Colo-Colo
37%
CSKA Sofia
34%
Caen
29%
Cremonese
27%
Cruzeiro
17%
Cruz Azul
15%
No matching quizzes found
Score Distribution
Percent of People with Each Score
Percentile by Number Answered
Your Score History
You have not taken this quiz